RateYourMusic Top 100 Tracks - Statistics

General Stats
  • This quiz has been taken 88 times
  • The average score is 61 of 100
Answer Stats
Artist Release Track % Correct
David Bowie "H_____" "Heroes"
93%
Marvin Gaye W____ G____ O_ What's Going On
90%
Pink Floyd W___ Y__ W___ H___ Wish You Were Here
90%
Prince and the Revolution P_____ R___ Purple Rain
89%
Kendrick Lamar good kid, m___ c___ m.A.A.d city
86%
Kate Bush Hounds of Love Running Up That Hill (A Deal With God)
86%
Radiohead OK Computer Paranoid Android
85%
Radiohead In Rainbows Weird Fishes / Arpeggi
83%
The Beatles Sgt Peppers Lonely Hearts Club Band A Day in the Life
82%
Pink Floyd Wish You Were Here Shine On You Crazy Diamond (1-5)
82%
Cocteau Twins H_____ O_ L__ V____ Heaven or Las Vegas
80%
David Bowie The Rise and Fall of Ziggy Stardust and the Spiders From Mars Starman
80%
Alice In Chains Dirt Would?
80%
King Crimson In The Court of the Crimson King 21st Century Schizoid Man (Including 'Mirrors')
79%
Radiohead OK Computer No Surprises
79%
The Beatles Magical Mystery Tour Strawberry Fields Forever
79%
Pink Floyd Dark Side of the Moon Time
79%
Michael Jackson Thriller Billie Jean
77%
Pink Floyd Animals Dogs
77%
Fishmans 98.12.28 otokotachi no wakare LONG SEASON
77%
The Beach Boys Pet Sounds Wouldn't It Be Nice
77%
Television M______ M___ Marquee Moon
76%
The Smiths The Queen Is Dead There is a Light That Never Goes Out
76%
Pink Floyd The Wall Comfortably Numb
75%
Tears For Fears Songs From The Big Chair Everybody Wants to Rule the World
75%
Gorillaz Demon Days Feel Good Inc.
75%
Led Zeppelin Led Zeppelin IV Stairway to Heaven
75%
King Crimson In T__ C____ O_ T__ C______ K___ The Court of the Crimson King (Including 'The Return of the Fire Witch' and 'The Dance of the Puppets')
75%
Godspeed You Black Emperor! Lift Yr Skinny Fists Like Antennas To Heaven! Sleep
73%
King Crimson Red Starless
73%
The Jimi Hendrix Experience Electric Ladyland All Along The Watchtower
72%
David Bowie Hunky Dory Life on Mars?
72%
Yes C____ T_ T__ E___ Close to the Edge
70%
Pink Floyd Meddle Echoes
70%
Kanye West My Beautiful Dark Twisted Fantasy Runaway
70%
Kendrick Lamar To Pimp a Butterfly Wesley's Theory
70%
Talking Heads Remain In Light Once in a Lifetime
69%
The Beach Boys Pet Sounds God Only Knows
68%
Nas Illmatic N.Y. State of Mind
68%
Kendrick Lamar good kid, m.A.A.d. city Sing About Me, I'm Dying of Thirst
68%
Kendrick Lamar To Pimp a Butterfly The Blacker The Berry
68%
The Microphones T__ G___, P___ _ The Glow Pt. 2
68%
The Beatles Revolver Eleanor Rigby
66%
Radiohead Kid A How to Disappear Completely
66%
Metallica ...And Justice For All One
66%
Yes Fragile Roundabout
66%
My Bloody Valentine Loveless When You Sleep
66%
Wu-Tang Clan Enter The Wu-Tang (36 Chambers) C.R.E.A.M.
65%
Slint Spiderland Good Morning, Captain
65%
Bob Dylan Highway 61 Revisited Like A Rolling Stone
65%
Kendrick Lamar To Pimp A Butterfly Alright
63%
Radiohead In Rainbows Jigsaw Falling Into Place
63%
Godspeed You Black Emperor! Lift Yr Skinny Fists Like Antennas to Heaven! Storm
63%
Danny Brown Atrocity Exhibition Ain't it Funny
62%
The Avalanches S____ I L___ Y__ Since I Left You
62%
Radiohead Kid A Idioteque
61%
Slowdive Souvlaki When The Sun Hits
61%
David Bowie David Bowie [S____ O_____] Space Oddity
59%
Black Country, New Road Ants From Up There The Place Where He Inserted the Blade
59%
Madvillain Madvillainy All Caps
58%
Have A Nice Life Deathconsciousness Earthmover
58%
Depeche Mode Violator Enjoy The Silence
58%
Portishead Dummy Glory Box
58%
The Beatles The Beatles While My Guitar Gently Weeps
58%
The Smashing Pumpkins Mellon Collie and the Infinite Sadness 1979
56%
Swans Soundtracks for the Blind Helpless Child
56%
Bjork Vespertine Pagan Poetry
56%
The Microphones The Glow, Part 2 The Moon
56%
Death Grips The Money Store Hacker
55%
Have A Nice Life Deathconsciousness Bloodhail
54%
The Beach Boys The Smile Sessions Good Vibrations
52%
Pixies Surfer Rosa Where Is My Mind?
52%
Deftones Around the Fur Be Quiet and Drive (Far Away)
51%
Swans T__ G______ M__ The Glowing Man
51%
Cocteau Twins Heaven Or Las Vegas Cherry-Coloured Funk
49%
MF DOOM MM... FOOD Rapp Snitch Knishes
49%
Mobb Depp The Infamous Shook Ones Pt. II
49%
Stevie Wonder Songs in the Key of Life Sir Duke
49%
Aphex Twin Selected Ambient Works 85-92 Xtal
48%
Bjork Homogenic Joga
45%
Rolling Stones Let It Bleed Gimme Shelter
44%
Nujabes / Shing02 Luv(sic) Hexalogy Luv(sic) Part 3
44%
Ween Quebec Transdermal Celebration
42%
Fishmans Long Season [untitled]
41%
Songs: Ohia, Jason Molina The Magnolia Electric Co. Farewell Transmission
39%
Clams Casino Instrumental Mixtape 2 I'm God
39%
Red House Painters Red House Painters I Katy Song
39%
Nina Simone Pastel Blues Sinnerman
39%
The Microphones The Glow, Part 2 I Want Wind To Blow
37%
Swans Soundtracks for the Blind The Sound
37%
Death Grips Jenny Death (The Powers That B Disc 2) On GP
35%
Kate Bush The Kick Inside Wuthering Heights
35%
Death Grips Exmilitary Beware
31%
Sun Kil Moon Ghosts of the Great Highway Carry Me Ohio
30%
Michael Gira Drainland Blind
28%
Built to Spill Keep It Like A Secret Carry the Zero
27%
Black Kray Crack Cloud$ Over Arts Kitchen Hydr6c0don$
25%
Sun Kil Moon Ghosts of the Great Highway Duk Koo Kim
23%
Curtis Mayfield Curtis Move On Up
20%
Swans Swans Are Dead Blood Promise
17%
No matching quizzes found
Score Distribution
Percent of People with Each Score
Percentile by Number Answered
Your Score History
You have not taken this quiz